La Quintrala a la orilla de la guerra y otros poemas de España
Сохранить в:
| Главный автор: | |
|---|---|
| Формат: | |
| Язык: | испанский |
| Опубликовано: |
Santiago
Nascimento
1939
|
| Редактирование: | 6a. ed |
| Предметы: | |
| Метки: |
Добавить метку
Нет меток, Требуется 1-ая метка записи!
|
MARC
| LEADER | 00000nam a2200000 a 4500 | ||
|---|---|---|---|
| 001 | UCY8264 | ||
| 003 | CL-VaPUC | ||
| 008 | 950703e19390000CL |||||||||||||||||spa|d | ||
| 082 | 0 | 4 | |a 861 |b VEG |2 21 |
| 100 | 0 | |a Vega, Daniel de la |e author |9 339520 | |
| 245 | 1 | 3 | |a La Quintrala a la orilla de la guerra y otros poemas de España |
| 250 | |a 6a. ed | ||
| 300 | |a 222 p | ||
| 942 | |c BK | ||
| 945 | |d 19950703 00:00:00 |a rbrito | ||
| 260 | |a Santiago |b Nascimento |c 1939 | ||
| 650 | 0 | |a Poesías chilenas |9 265280 | |
| 583 | |a last modification |c 19950703 00:00:00 |k Rodrigo Vera | ||
| 999 | |c 235539 |d 235537 | ||
| 952 | |0 0 |1 0 |4 0 |6 861_000000000000000_VEG_1939 |7 0 |8 A |9 243039 |a BIBEDU |b BIBEDU |d 2019-11-18 |i 3096955 |o 861 VEG 1939 |p 3096955 |r 2019-11-18 |w 2019-11-18 |y BK |k LIT | ||